00363nam a2200121Ia 4500008004100000041000800041082001200049100002800061245007000089260004600159300001900205999001700224241015s9999 xx 000 0 und d aeng a339 GRO aSchmitt-Grohe Stephanie aInternational Macroeconomics: A Modern Approach A Modern Approach bPrinceton University PresaNew Yorkc2022 a466;. p. 25 cm c41607d41607